| 000 | 01133nam a2200253 a 4500 | ||
|---|---|---|---|
| 008 | 080925s2006 ||||||||||||||||| || u | ||
| 020 | _a0273688146 | ||
| 050 | _aHF 5548.2 Boc | ||
| 100 | _aGreasley Andrew | ||
| 245 | 1 | 0 |
_aBusiness information systems: technology, development and management for the e-business.-- 3rd ed. _cPaul Bocij; Dave Chaffey; Andrew Greasley; Simon Hichie |
| 250 | _a3rd Ed. | ||
| 260 |
_aHarlow, England _bFT Prentice-Hall _c2006 |
||
| 300 | _axxviii, 827p.: ill | ||
| 350 | _a260000.00 | ||
| 650 | _aBUSINESS INFORMATION SERVICES | ||
| 650 | _aBUSINESS--COMPUTER NETWORK RESOURCESS | ||
| 650 | _aINFORMATION | ||
| 650 | _aELECTRONIC COMMERCE--EAST AFRICAN COMMUNITY | ||
| 700 | _aChaffey, Dave | ||
| 700 | _aBoci, Paul | ||
| 700 | _aHickie, Simon | ||
| 995 |
_aBINDERY (DAMAGED) _D260000.00 _e738275 _FCBU-MAIN LIBRARY (Kitwe) _H1 _I0.00 _jHF 5548.2 Boc _M1 _UDAMAGED _WSep 25, 2008 _y738275 _ZMain Library Open Access Collection |
||
| 995 |
_aBINDERY (DAMAGED) _D260000.00 _e738276 _FCBU-MAIN LIBRARY (Kitwe) _H1 _I0.00 _jHF 5548.2 Boc _M2 _UDAMAGED _WSep 25, 2008 _y738276 _ZMain Library Open Access Collection |
||
| 999 |
_c79019 _d79019 |
||